000 00939nas a2200241 454500
001 51992
005 20260407193512.0
008 260407s1974####ag###########|||spa#d
003 AR-UNSa-BCEJYS
040 _aAR-UNSa-BCEJYS
_bspa
_cAR-UNSa-BCEJYS
080 _a339.5
_xComercio exterior. Comercio Internacional
245 1 0 _aInternational Trade Forum
022 _a0020-8957
264 1 _aGinebra :
_bCentro de Comercio Internacional
_c1974
310 _aFrecuencia: Trimestral Cambia de Director a partir del Nº 1, Año 1998 Cambia de Director a partir del Nº 3, Año 2009 por Cambia de Director a partir del Nº 3, Año 2012 por Cambia de Director a partir del Nº 4, Año 2012 por
041 _aspa
942 _cSER
590 _aniveau_biblio:s niveau_hierar:1
100 1 _aHetland, Jarle
700 1 _aCentro de Comercio Internacional (CCI)
650 _aExportación/importación
650 _aComercio internacional
999 _c8960
_d8960